| 000 | 00816nam a2200157 a 4500 | ||
|---|---|---|---|
| 001 | 000043812 | ||
| 005 | 20201002045000.0 | ||
| 008 | 140506s2013 pn 000 0 spa d | ||
| 020 | _a9789962055082 | ||
| 040 |
_aDO-SdBNP _bspa _cBNPHU |
||
| 245 | 0 | 0 |
_aVida y Obra Universitaria del Dr. Gustavo García de Paredes Aued. : _besta compilación de datos sobre la vida y obra del Doctor García de Paredes Aued, es parte de un documento fílmico, donde se destacan los aportes más importantes de sus diferentes periodos como rector de la Universidad de Panamá / _ccompiladores José Alberto Del Cid Felipe, Gustavo Alexis Donalicio Danila. |
| 260 |
_aPanamá, : _bUniversitaria, _c2013. |
||
| 300 |
_a85 p. ; _c21 cm. |
||
| 700 | 1 | 2 |
_aDel Cid Felipe, José Alberto _971629 |
| 700 | 1 | 2 |
_aDonalicio Danila, Gustavo Alexis _971655 |
| 999 |
_c43301 _d43301 |
||